000 00540nam a2200121Ia 4500
008 171212s9999 xx 000 0 und d
020 _a9781925022445
245 _ceditor Dickie, Marianne;Gozdecka, Dorota;Reich, Sudrishti
_aUnintended Consequences
_bThe impact of migration law and policy
260 _bANU E Press
_c2016
650 _aEmigration and immigration; Emigration and immigration law; Social history -- 21st century; World politics -- 21st century.
650 _aPolitical Science
856 _uhttp://jstor.org/stable/j.ctt1rqc9ds
999 _c351410
_d351410